Paleontología é Historia del trabajo subterráneo (Record no. 189383)

MARC details
000 -LEADER
campo de control de longitud fija 00859nam a2200181 i 4500
001 - NÚMERO DE CONTROL
campo de control 189383
003 - IDENTIFICADOR DE NÚMERO DE CONTROL
campo de control ES-MaACL
005 - FECHA Y HORA DE LA ÚLTIMA TRANSACCIÓN
campo de control 20250805063327.0
008 - DATOS DE LONGITUD FIJA--INFORMACIÓN GENERAL
campo de control de longitud fija 190528s1873 sp |||| | spa d
100 1# - ENTRADA PRINCIPAL--NOMBRE DE PERSONA
Nombre de persona Naranjo y Garza, Felipe,
Fechas asociadas al nombre 1809-1877
9 (RLIN) 141837
245 10 - MENCIÓN DEL TÍTULO
Título Paleontología é Historia del trabajo subterráneo
Resto del título : (Minas de Santander) /
Mención de responsabilidad, etc. por Don Felipe Naranjo y Garza.
260 ## - PUBLICACIÓN, DISTRIBUCIÓN, ETC.
Lugar de publicación, distribución, etc. Madrid :
Nombre del editor, distribuidor, etc. [s.n.],
Fecha de publicación, distribución, etc. 1873 (
Fabricante Imp. de T. Fortanet)
300 ## - DESCRIPCIÓN FÍSICA
Extensión 6 p., [2 ] h. de lám. ;
Dimensiones 23 cm.
595 ## -
-- Anales de la Sociedad Española de Historia Natural, Tomo II.
650 #4 - PUNTO DE ACCESO ADICIONAL DE MATERIA--TÉRMINO DE MATERIA
Término de materia o nombre geográfico como elemento de entrada Minas-
Subdivisión geográfica Santander.
9 (RLIN) 167142
852 ## - LOCALIZACIÓN
Ubicación ES-MaACL
Número de control de estantería B-8927(8)
Nota libre .- Legado de Federico de Botella y de Hornos
-- .- Encuadernado en un vol. facticio agrupado con el nombre en el lomo: España, geología, memorias y documentos varios 41 al 56
Holdings
Estatus retirado Estado de pérdida Estado de daño No para préstamo Colección Biblioteca de origen Biblioteca actual Ubicación en estantería Fecha de adquisición Fuente de adquisición Total de préstamos Signatura topográfica completa Código de barras Visto por última vez Precio de reemplazo Tipo de ítem Koha
        Libros del s. XIX Biblioteca del Ateneo de Madrid Biblioteca del Ateneo de Madrid Sala Pardo Bazán 28/05/2019     B-8927(8) 1200655 23/02/2023 23/02/2023 Libro impreso antiguo